000 00323nam a2200145Ia 4500
003 SEM
008 141116s9999 xx 000 0 und d
080 _a891.981 Ս-15
100 _aՍահյան Համո
245 _aՏոհմի կանչը
260 _aԵրևան
260 _c1981
300 _a354
942 _2udc
_cBK
999 _c46597
_d46597